000 00335nam a2200133Ia 4500
008 191201s2011 xx 000 0 und d
100 _aBHAKTIVEDANTA,AC
245 0 _aShrimad Bhagwat Geeta in Hindi
250 _arep
260 _aBabyal
_bBhaktivedanta Book Trust
_c2011
300 _a576
650 _aGeneral Books
942 _2ddc
_cBK
999 _c5746
_d5746